000 00535nam a2200169Ia 4500
003 GCL
008 140319s9999 xx 000 0 ara d
040 _aGCL /
_cGCL
082 0 4 _a811.9
_bح ا
100 1 _aحسن عبدالله القرشى
245 1 0 _aاطباق من رماد الغربة /
_cحسن عبدالله القرشى
300 _a86 ص
490 _a100 قصة
_v0
650 0 4 _aالشعر العربى - دواوين وقصائد
650 0 4 _aالشعر العربى - العصر الحديث
942 _2ddc
_cBK
999 _c44986
_d44986